00475nam a2200193 a 4500001001300000003000900013005001700022008004100039020001000080082001500090100002400105245002100129260003500150300000900185500003500194505000800229650002000237700002400257nice12345678IN_TiNIC20260116011355.0050524s1964 newa grp 000 0 urd  ac2.500a297.2bISL aIslahi, Ameen Ahsan aHaqeeqat-E-Shirk aNew DelhibMaktaba Jamiac1964 a220p aincludes index and biblioraphy2 aIll aIslam-Doctrines1 aIslahi, Ameen Ahsan